|
|
|
|
| LEADER |
00921nam a2200229 a 4500 |
| 008 |
901016s2010 enk 000 0 eng d |
| 010 |
|
|
|a \\\90050914
|
| 020 |
|
|
|a 9780099542254
|
| 040 |
|
|
|a DLC
|c DLC
|d DLC
|d BD-DhAAL
|
| 082 |
0 |
0 |
|a 823/.914
|2 22
|
| 100 |
1 |
|
|a Rushdie, Salman.
|
| 245 |
1 |
0 |
|a Imaginary homelands :
|b essays and criticism, 1981-1991 /
|c Salman Rushdie.
|
| 260 |
|
|
|a London :
|b Granta Books ;
|a New York, N.Y., U.S.A. :
|b In association with Viking,
|c 2010.
|
| 300 |
|
|
|a 439 p. ;
|c 24 cm.
|
| 541 |
1 |
|
|e 00020242
|
| 600 |
1 |
0 |
|a Rushdie, Salman
|x Criticism and interpretation.
|
| 650 |
|
0 |
|a Literature, Modern
|y 20th century.
|
| 650 |
|
0 |
|a Literature
|x Indian authors.
|
| 852 |
4 |
|
|a Ayesha Abed Library
|j General Shelf
|
| 942 |
0 |
0 |
|0 2
|
| 999 |
|
|
|c 8587
|d 8587
|
| 952 |
|
|
|0 0
|1 0
|2 ddc
|4 0
|6 823_914000000000000_RUS_2010
|7 0
|9 10225
|a BRACUL
|b BRACUL
|c GEN
|d 2010-05-16
|l 9
|m 27
|o 823.914 RUS
|p 3010020242
|r 2024-12-04
|s 2024-11-10
|t 1
|w 2010-05-16
|y BK
|